Nezávislí poslanci vedeniu mesta: Hanbite sa! séria odvolávaní pokračuje

Podrobná bibliografia
Hlavný autor: Krausová, Stela (Autor)
Médium: Článok
Jazyk:slovenčina
Fyzický popis:Fotogr.
ISSN:1335-7581
Predmet:

MARC

LEADER 00000nab a2200000 a 4500
001 vtls008954983
003 SK-MaSNL
005 20260303070334.0
008 070313c20070222xo mr| 0 0slo
038 |a RVGKPD 
040 |a RVGKPD  |b slo  |c RVGKPD  |e AACR2 
041 |a slo 
044 |a xo  |c SK 
080 |a 352.9  |2 1997 
100 1 |a Krausová, Stela  |4 aut  |9 268152 
245 1 0 |a Nezávislí poslanci vedeniu mesta: Hanbite sa!  |b séria odvolávaní pokračuje  |c Stela Krausová 
300 |b Fotogr. 
610 1 7 |a Rožňava (Slovensko).  |b Mestské zastupiteľstvo  |2 rvgkpd  |9 58429 
650 0 7 |a zasadnutia  |2 rvgkpd  |9 372516 
651 7 |a Rožňava (Slovensko)  |2 rvgkpd  |9 17394 
773 0 |t Korzár : Gemerský denník  |g Roč. IX, č. 44 (22.2.2007), s. 1  |x 1335-7581 
852 |a RVGKPD  |b KIS3G 
992 |a RBX 
999 |c 1754942  |d 1756872